Research methods and society : (Record no. 8142)
[ view plain ]
| 000 -LEADER | |
|---|---|
| fixed length control field | 00903nac a22002291u 4500 |
| 010 ## - LIBRARY OF CONGRESS CONTROL NUMBER | |
| LC control number | 2004053439 |
| 020 ## - INTERNATIONAL STANDARD BOOK NUMBER | |
| International Standard Book Number | 013092654X |
| 082 00 - DEWEY DECIMAL CLASSIFICATION NUMBER | |
| Classification number | 301.072 |
| Item number | DOR |
| 090 ## - LOCALLY ASSIGNED LC-TYPE CALL NUMBER (OCLC); LOCAL CALL NUMBER (OCLC) | |
| -- | 8142 |
| -- | 8142 |
| 100 ## - MAIN ENTRY--PERSONAL NAME | |
| Personal name | Dorsten, Linda Eberst. |
| 245 10 - TITLE STATEMENT | |
| Title | Research methods and society : |
| Remainder of title | foundations of social inquiry / |
| Statement of responsibility, etc | Linda Eberst Dorsten and Lawrence Hotchkiss. |
| 260 ## - PUBLICATION, DISTRIBUTION, ETC. (IMPRINT) | |
| Place of publication, distribution, etc | Upper Saddle River, NJ : |
| Name of publisher, distributor, etc | Pearson Prentice Hall,c.2005 |
| Date of publication, distribution, etc | 2005 |
| 300 ## - PHYSICAL DESCRIPTION | |
| Extent | 392p.: |
| Other physical details | ill.; |
| Dimensions | 23 cm. |
| 500 ## - GENERAL NOTE | |
| General note | Distributer: Baccah. |
| 504 ## - BIBLIOGRAPHY, ETC. NOTE | |
| Bibliography, etc | Includes bibliographical references and index. |
| 511 ## - PARTICIPANT OR PERFORMER NOTE | |
| Participant or performer note | Catalogued By: wessam |
| 650 #0 - SUBJECT ADDED ENTRY--TOPICAL TERM | |
| Topical term or geographic name as entry element | Sociology |
| General subdivision | Research |
| -- | Methodology. |
| 650 #0 - SUBJECT ADDED ENTRY--TOPICAL TERM | |
| Topical term or geographic name as entry element | Social sciences |
| General subdivision | Research |
| -- | Methodology. |
| 700 1# - ADDED ENTRY--PERSONAL NAME | |
| Personal name | Hotchkiss, Lawrence. |
| 942 ## - ADDED ENTRY ELEMENTS (KOHA) | |
| Item type | |
| Call number prefix | 301.072DOR |
| Withdrawn status | Item status | Source of classification or shelving scheme | Damaged status | Not for loan | Home library | Current library | Shelving location | Date acquired | Source of acquisition | Total Checkouts | Total Renewals | Full call number | Barcode | Date last seen | Date last borrowed | Koha item type |
|---|---|---|---|---|---|---|---|---|---|---|---|---|---|---|---|---|
| Dewey Decimal Classification | Central Library | Central Library | First floor | 25/02/2008 | Purchase | 5 | 4 | 301.072 DOR | 000009394 | 15/07/2025 | 03/03/2019 | Book - Borrowing | ||||
| Dewey Decimal Classification | Central Library | Central Library | First floor | 25/02/2008 | Purchase | 3 | 3 | 301.072 DOR | 000009922 | 15/07/2025 | 16/12/2014 | Book - Borrowing | ||||
| Dewey Decimal Classification | Central Library | Central Library | First floor | 30/10/2008 | Purchase | 301.072 DOR | 000009395 | 15/07/2025 | NB - Book (Non borrowing) |